000
00288nam a22001337a 4500
008
170809b xxu||||| |||| 00| 0 eng d
020
_a
9783827252852
041
_a
ger
080
_a
004
100
_a
004
101
_a
SHK
245
_a
PC-TUNING & REPARATUR
_c
POTT,O
942
_2
udc
_c
BK
999
_c
23029
_d
23029